000 00257 a2200097 4500
245 _aMISTER JOHNSON
_hprint
005 20191021095358.0
260 _aenk
_bV. Gollancz ltd.
_c1939
084 _aPZ3.C25884 Mi
300 _a287 p. 19 cm.
_b287 p. 19 cm.
_c287 p. 19 cm.
999 _c12167
_d12167